Sports Quiz

Random Sports or NBA Quiz
Score 0/152 Timer 12:00
8 Plays Today
% Correct
Steve Nash
93.2%
Steve Nash
93.2%
Steve Nash
93.2%
Steve Nash
93.2%
Steve Nash
93.2%
Steve Nash
93.2%
Carmelo Anthony
90%
Carmelo Anthony
90%
Carmelo Anthony
90%
Reggie Miller
89.7%
Andre Miller
89.2%
Mike Miller
89.2%
Andre Miller
89.2%
Shaquille O'Neal
87.4%
Shaquille O'Neal
87.4%
Jermaine O'Neal
87.2%
Amare Stoudemire
85.9%
Amare Stoudemire
85.9%
Amare Stoudemire
85.9%
Amare Stoudemire
85.9%
Joe Johnson
83.1%
Joe Johnson
83.1%
Joe Johnson
83.1%
Joe Johnson
83.1%
Allen Iverson
82.4%
Dwyane Wade
81.8%
Dirk Nowitzki
81.1%
Deron Williams
80.7%
Deron Williams
80.7%
Marvin Williams
80.5%
Marvin Williams
80.5%
Lou Williams
80.5%
Josh Smith
79.4%
Josh Smith
79.4%
Josh Smith
79.4%
JR Smith
79.3%
JR Smith
79.3%
Pau Gasol
77.7%
Marc Gasol
77.7%
Kevin Garnett
77.6%
Shawn Marion
75.2%
Shawn Marion
75.2%
Shawn Marion
75.2%
Ray Allen
72.9%
Baron Davis
71.5%
Ricky Davis
71.3%
Yao Ming
70.3%
Mike Bibby
69.6%
Stephen Jackson
66.4%
Bobby Jackson
66.3%
Bobby Jackson
66.3%
% Correct
Jim Jackson
66.2%
Carlos Boozer
65%
Carlos Boozer
65%
Elton Brand
63.8%
Peja Stojakovic
62.4%
Jason Kidd
62.1%
Al Horford
59.9%
Al Horford
59.9%
Rasheed Wallace
59.5%
Rudy Gay
58%
Andrei Kirilenko
56.5%
Jason Richardson
55.7%
Jason Richardson
55.7%
Quentin Richardson
55.6%
Quentin Richardson
55.6%
Glenn Robinson
54.7%
Andre Iguodala
54.7%
Nate Robinson
54.6%
Cliff Robinson
54.6%
Vlade Divac
53.8%
Chauncey Billups
53.8%
Steve Francis
53.1%
Sam Cassell
53%
Mike Conley
51.6%
Monta Ellis
50.8%
Tyreke Evans
49.9%
David Lee
49.6%
Kenyon Martin
48.9%
Kenyon Martin
48.9%
Michael Finley
48.7%
Eddie Jones
46.6%
Eddie Jones
46.6%
Damon Jones
46.5%
Grant Hill
46.2%
Grant Hill
46.2%
Grant Hill
46.2%
Mehmet Okur
43.6%
Mehmet Okur
43.6%
Jalen Rose
42.6%
Damon Stoudamire
42.5%
Antawn Jamison
41.5%
Antawn Jamison
41.5%
Udonis Haslem
41.4%
Jamal Crawford
41%
Nene Hilario
40%
Nene Hilario
40%
Mike James
38.8%
Doug Christie
38%
Leandro Barbosa
37.7%
Leandro Barbosa
37.7%
Leandro Barbosa
37.7%
% Correct
Corey Maggette
36.3%
OJ Mayo
36.2%
Wilson Chandler
35.4%
Tim Thomas
34.6%
Tim Thomas
34.6%
Cuttino Mobley
34.1%
Cuttino Mobley
34.1%
Antoine Walker
33.3%
Raja Bell
32.3%
Raja Bell
32.3%
Al Harrington
28.7%
Al Harrington
28.7%
Al Harrington
28.7%
Chris Kaman
28.7%
Derek Anderson
24.8%
Shane Battier
24.2%
Bonzi Wells
23.7%
Jason Thompson
23.4%
William Green
21.6%
Samuel Dalembert
21.2%
Hedo Turkoglu
20%
Matt Harpring
18.3%
Channing Frye
17.6%
Andris Biedrins
17.5%
Ronnie Brewer
14.2%
Larry Hughes
11.5%
Derek Fisher
11.2%
Spencer Hawes
10.5%
Beno Udrih
10.5%
Matt Barnes
10%
Ruben Patterson
9%
Travis Best
8.9%
Austin Croshere
8.9%
Josh Childress
8%
Josh Childress
8%
Zaza Pachulia
8%
Omri Casspi
7.7%
Chris Duhon
7.5%
Voshon Lenard
6.4%
Randy Foye
6.2%
Maurice Taylor
5.2%
Bob Sura
4.9%
Tony Delk
4.5%
Danny Fortson
4.3%
Lindsey Hunter
4.2%
Rodney Rogers
4.1%
Earl Boykins
4%
Linas Kleiza
3.5%
Mark Blount
3.2%
Hakim Warrick
3.2%
Remove Ads.
Support Sporcle.
Get the best of Sporcle when you Go Orange. This ad-free experience offers more features, more stats, and more fun while also helping to support Sporcle. Thank you for becoming a member.

You're not logged in!

Compare scores with friends on all Sporcle quizzes.
OR
Log In

Show Comments

Extras

Top Quizzes Today


Score Distribution

Your Account Isn't Verified!

In order to create a playlist on Sporcle, you need to verify the email address you used during registration. Go to your Sporcle Settings to finish the process.

Report this User

Report this user for behavior that violates our Community Guidelines.

Details: